Quizzes
Events
Quiz Creation
Community
Videos
Private Events
Remove Ads
Sign In
Join for FREE
Feedback
Dark Mode
Quiz Categories
Sports
Geography
Music
Movies
Television
Just For Fun
Miscellaneous
History
Literature
Language
Science
Gaming
Entertainment
Religion
Holiday
For Kids
Quiz Lab
Recent
Popular Today
Quiz Kudos Today
Editor Picks
Curator Picks
Quizzes by...
Day
Popularity
Type
Ratings
Length
Year
Community
Subscriptions
Recent Discussions
Orange Saloon
Badges
Playlists
Quests
Create
Leaderboards
Showdown
Live 5
Trivia Bingo
Activity
Puzzle Library
Sporcle Events
Private Events
Virtual Trivia
Globe League
Become a Host
Pub Owners
SporcleCon
Opinionation
Our Games
Videos
Blog
Mobile Apps
Partnerships
Remove Ads and Go Orange
Feedback
Language
Vocabulary
Begins and Ends
Definition
Spanish
French
German
Italian
Chinese
Latin
Translation
Japanese
Language
Vocabulary
Begins and Ends
Definition
Spanish
French
German
Italian
Chinese
Latin
Translation
Japanese
Random Quiz
Search Sporcle
×
Quiz Lab
Quiz Lab
Language
Player
Type in answers that appear in a list
Type in answers that appear in a list
Classic
Best Score? Go Orange.
Scrambled NY Jets Players Stats
Can you name the former and present NY Jets players from these anagrams?
By
AshinaFlash1986
6m
20 Questions
299 Plays
299 Plays
299 Plays
Comments
Comments
Give Quiz Kudos
Give Quiz Kudos
-
- Ratings
hide this ad
Forced Order
Answers have to be entered in order
Answers have to be entered in order
Random Order
Randomize order of answers
Randomize order of answers
Replay
Link that replays current quiz
Next Quiz
Link to next quiz in quiz playlist
You Got
0%
They Got
Avg Score
57%
Avg Friend Score
Upgrade to see
Score Distribution
Jump to the score distribution portion of the page
Score
0/20
Timer
06:00
0
Plays Today
Anagram
Former/Present NY Jets Player
% Correct
dhac tenopninng
Chad Pennington
75.9%
inkc amlongd
Nick Mangold
75.9%
ertbt averf
Brett Favre
73.2%
nevorn lhosgton
Vernon Gholston
72.2%
heijocrr etocrchy
Jerricho Cotchery
70.9%
jeo tanham
Joe Namath
70.2%
yvnin sevterated
Vinny Testaverde
67.9%
jeo elkock
Joe Klecko
66.9%
kamr hsazenc
Mark Sanchez
63.9%
ndo adynram
Don Maynard
61.5%
Anagram
Former/Present NY Jets Player
% Correct
shoatm jsneo
Thomas Jones
60.5%
atymr slyno
Marty Lyons
56.5%
sankwhey onojhsn
Keyshawn Johnson
55.5%
rbadckwiash fungoesr
D'Brickashaw Ferguson
53.2%
lardlere viesr
Darrelle Revis
46.8%
ritusc trimna
Curtis Martin
44.8%
krma tsianguae
Mark Gastineau
40.1%
nearvuales cleos
Laveranues Coles
39.1%
ivdad wylenoc
David Clowney
39.1%
alnrboy wadersd
Braylon Edwards
15.1%
Quiz Playlist
Details
Report
Send in Message
Add To Playlist
Classic:
Type in answers that appear in a list
Forced Order:
Answers have to be entered in order
Random Order:
Randomize order of answers
Quiz Source
Last Updated: Feb 16, 2017
Quiz Scoreboard
CHALLENGE
Sign Up to Join the Scoreboard
Show All
Scores
Hide
Comments
May contain spoilers
Recently Published
An Introduction to Baseball
by treessimontrees
Sports
5m
Movies - When Are They Set?
by FPL_Elf
Movies
5m
Popular People in 1961
by mucciniale
History
6m
More to Explore
Quiz From the Vault
Featured Blog Post
Where Did the Easter Bunny Come From?
hide this ad
You Might Also Like...
Tags
anagrams
Former
New York Jets
Player
present
scramble
Today's Top Quizzes in Language
Browse Language
hide this ad
Today's Top Quizzes in Player
Browse Player
Top Contributed Quizzes in Language
1
1-10 Letter F Words III
2
Order Up: Top 10 Most Native Spoken Languages
3
1-10 Letter G Words III
4
1-10 Letter H Words III
5
One Thing in Common: Italy
6
1-10 Letter I Words III
7
Weisst du, aus welchen Sprachen diese Wörter stammen?
8
1-10 Letter J Words III
9
Begins and Ends With AN
10
Hiragana Speed Reading
Explore More
Trending Topics
Marvel
Crossword
Disney
Harry Potter
NBA
Anime
Kpop
NFL
WWE
Soccer
Pokémon
Puzzle
Country
Song
The Office
hide this ad
More By:
AshinaFlash1986
Quiz
Plays
Rating
Category
Featured
Created
Children's Book By Synonym
140,356
4.38
Literature
Apr 19, 2010
TV Show and Movie By Beach Scene
2,486
4.48
Entertainment
Jun 27, 2010
Restaurant By Photo of Logo Letter
742
4.00
Miscellaneous
Jun 27, 2011
Scrambled New York Mets
534
4.50
Language
Apr 15, 2010
TV Show and Movie By Prom Scene
449
4.67
Entertainment
May 13, 2011
Go to Creator's Profile
Score Distribution
Quiz Creator Spotlight
AshinaFlash1986
Follow
Send a Message
Quizzes Created
-
Created Quiz Play Count
-
More By This Creator
Popular Quizzes Today
1
Find the Countries of Europe - No Outlines Minefield
2
Find the US States - No Outlines Minefield
3
The Countries of the World
4
Popular People in 1961
5
US States
6
1-10 Letter E Words III
7
Find the US States
8
One Thing in Common: World Cities II
More Language Quizzes
Begins and Ends With 'TE'
Curator's Pick
Trending Quizzes
Risky Map Clicking: Least Populous States A-Z
1-10 Letter F Words
1-10 Letter G Words
One Thing in Common: United Kingdom
Risky Map Clicking: Next State Alphabetically
Recently Updated
Leaping Animals
pecheneg
Reality TV Shows (A-Z)
bhenderson79
Rickey Henderson's Hall of Fame Teammates
pecheneg
Champions League XIs: Arsenal
pecheneg
Quick Pick: Celebrities in WWE's Hall of Fame
aduchscher
A-Z Keypad Blitz II
pecheneg
Multiple Oscar Actors
pecheneg
Mystery Phrase Blitz: Oscar 'Best Actors'
pecheneg
F. Scott Fitzgerald Novels
LTH
Pick 3 Villains
ddd62291
Trending Topics
Marvel
Crossword
NBA
Anime
Disney
Kpop
Harry Potter
Soccer
Pokémon
WWE
NFL
The Office
Puzzle
Song
Country
Your Account Isn't Verified!
In order to create a playlist on Sporcle, you need to verify the email address you used during registration. Go to your
Sporcle Settings
to finish the process.
Report this User
Report this user for behavior that violates our
Community Guidelines
.
Details:
Send Report
Go to the Sporcle.com Mobile Site →
Comments